| 000 | 00529nam a2200181Ia 4500 | ||
|---|---|---|---|
| 999 |
_c34372 _d34372 |
||
| 003 | OSt | ||
| 005 | 20200911115424.0 | ||
| 008 | 190216s9999||||xx |||||||||||||| ||und|| | ||
| 020 | _a9788187134473 | ||
| 040 | _coclc | ||
| 082 |
_a621.381 _bKAR/A |
||
| 100 |
_a Kar, Ratan Kumar _94220 |
||
| 245 | 0 |
_aAdvanced Practical Electronics / _cRatan Kumar Kar |
|
| 260 |
_bBooks And Allied Pvt Ltd, _c2010. _aKolkata: |
||
| 300 | _a757p | ||
| 650 | _aPhysics | ||
| 942 |
_cBK _2ddc _h621.381 _iKAR/A _k621.381 _mKAR/A |
||